{"text_format":"3","workbook":"xlsx","n_sheets":3,"sheets":["Sheet1","Sheet2","Sheet3"],"read":"whole","date_system":"1900"}

{"sheet":"Sheet1","index":0,"n_rows":7,"n_cols":8,"rows_kept":7}
["序号","设备名称","型号","品牌","单位","单价","数量","总价"]
[1,"控制器","NC-303N","飞星","台",1850,8,{"$f":"G2*F2","v":14800}]
[2,"PVC管","PVC20","多联","米",1.5,500,{"$f":"G3*F3","v":750}]
[3,"通讯线","RVV5*0.75","扬丰","米",4,2400,{"$f":"G4*F4","v":9600}]
[4,"病员信息一览表","NC-560A","飞星","台",2,3800,{"$f":"G5*F5","v":7600}]
[5,"人工",null,null,"项",1100,1,{"$f":"G6*F6","v":1100}]
[6,"合计",{"$nulls":5},{"$f":"SUM(H2:H6)","v":33850}]

{"sheet":"Sheet2","index":1,"n_rows":0,"n_cols":0,"rows_kept":0}

{"sheet":"Sheet3","index":2,"n_rows":0,"n_cols":0,"rows_kept":0}